Central Library OPAC University of Rajshahi

Enthusiast in wit : (Record no. 23648)

MARC details
000 -LEADER
fixed length control field 01015cam a22002651 4500
001 - CONTROL NUMBER
control field 23648
003 - CONTROL NUMBER IDENTIFIER
rucl marc code BD-RjUL
005 - DATE AND TIME OF LATEST TRANSACTION
control field 20211209000944.0
008 - FIXED-LENGTH DATA ELEMENTS--GENERAL INFORMATION
fixed length control field 140311s1962 nbua b 001 0beng
035 ## - SYSTEM CONTROL NUMBER
System control number (BD-RjUL)23713
System control number (OCoLC)783436
040 ## - CATALOGING SOURCE
Original cataloging agency DLC
Transcribing agency OKentU
Modifying agency NBrockU
-- OCoLC
-- DLC
-- BD-RjUL
Language of cataloging eng
041 ## - LANGUAGE CODE
Language code of text/sound track or separate title eng
082 ## - DEWEY DECIMAL CLASSIFICATION NUMBER
Classification number 928.2
Author mark and year SOE
100 1# - MAIN ENTRY--PERSONAL NAME
Personal name Pinto, Vivian de Sola,
Dates associated with a name 1895-1969,Pinto
9 (RLIN) 72794
245 10 - TITLE STATEMENT
Title Enthusiast in wit :
Remainder of title a portrait of John Wilmot, earl of Rochester 1647-1680 /
Statement of responsibility, etc. Vivian de Sola,
260 ## - PUBLICATION, DISTRIBUTION, ETC. (IMPRINT)
Place of publication, distribution, etc. Lincoln :
Name of publisher, distributor, etc. University of Nebraska Press,
Date of publication, distribution, etc. 1962.
300 ## - PHYSICAL DESCRIPTION
Pagination xxii, 246 p. :
Illustrations illus. ;
Size 23 cm.
500 ## - GENERAL NOTE
General note An extensive revision, rewriting, and supplementation of the original text published in 1935 under title: Rochester: portrait of a Restoration poet.
504 ## - BIBLIOGRAPHY, ETC. NOTE
Bibliography, etc Includes Bibliography: p. xi-xvii and index.
600 10 - SUBJECT ADDED ENTRY--PERSONAL NAME
Personal name Rochester, John Wilmot,
Titles and other words associated with a name Earl of,
Dates associated with a name 1647-1680.
942 ## - ADDED ENTRY ELEMENTS (KOHA)
Source of classification or shelving scheme Dewey Decimal Classification
Koha item type Books
Holdings
Lost status Source of classification or shelving scheme Damaged status Not for loan Collection code Permanent Location Current Location Shelving location Date acquired Source of acquisition Cost, normal purchase price Total Checkouts Full call number Date last seen Copy number Koha item type
  Dewey Decimal Classification   Added to bundle Non-fiction Central Library, University of Rajshahi Central Library, University of Rajshahi Reading Room 06/03/1973 Black well 2.25   928.2 SOE 1962 11/03/2014 C-1 Books